000 01077nam a22003137a 4500
003 CHAP
005 20220329133455.0
008 971013s1990 r 00010 d
010 _a6781
011 _a7753
035 _a6977
040 _cCHAP
082 _a632.951
_bM3
245 _aManual de identificación de los roedores michoacanos
260 _aMorelia, Mich. :
_bUniversidad Michoacana de San Nicolás de Hidalgo,
_c1990
300 _a124 p.
_b: ilus
590 _aBATCH-UPD
_b10
_c20130110
_lUCH01
_h0043
590 _aBATCH-UPD
_b10
_c20130110
_lUCH01
_h2309
590 _aBATCH-UPD
_b10
_c20130409
_lUCH01
_h2029
590 _aBATCH-UPD
_b10
_c20130914
_lUCH01
_h1842
590 _aCONVERSION
_b10
_c20130109
_lUCH01
_h1305
650 1 4 _aRoedores.
_999027
700 0 _aNúñez Garduño, Arturo.
_981938
700 0 _aPastrana Hernández, Gloria.
_986131
901 _aBK
942 _cLIBRO
949 _a632.951 M3
_bBC
_cLIBRO
_d33724000438115
_eLIBRO
_gI.c/e
_h84894
_i6977
_si
_t16.00
949 _a632.951 M3
_bBC
_cLIBRO
_d33724000666145
_eLIBRO
_fc.2
_h84895
_i6977
_si
_t16.00
999 _c6781
_d6781